<?xml version="1.0" encoding="UTF-8"?><?xml-stylesheet type="text/xsl" href="static/style.xsl"?><OAI-PMH xmlns="http://www.openarchives.org/OAI/2.0/" xmlns:xsi="http://www.w3.org/2001/XMLSchema-instance" xsi:schemaLocation="http://www.openarchives.org/OAI/2.0/ http://www.openarchives.org/OAI/2.0/OAI-PMH.xsd"><responseDate>2026-04-17T16:15:47Z</responseDate><request verb="GetRecord" identifier="oai:www.recercat.cat:2445/32688" metadataPrefix="marc">https://recercat.cat/oai/request</request><GetRecord><record><header><identifier>oai:recercat.cat:2445/32688</identifier><datestamp>2025-12-05T11:44:59Z</datestamp><setSpec>com_2072_1057</setSpec><setSpec>col_2072_478826</setSpec><setSpec>col_2072_478917</setSpec></header><metadata><record xmlns="http://www.loc.gov/MARC21/slim" xmlns:dcterms="http://purl.org/dc/terms/" xmlns:xsi="http://www.w3.org/2001/XMLSchema-instance" xmlns:doc="http://www.lyncode.com/xoai" xsi:schemaLocation="http://www.loc.gov/MARC21/slim http://www.loc.gov/standards/marcxml/schema/MARC21slim.xsd">
   <leader>00925njm 22002777a 4500</leader>
   <datafield ind2=" " ind1=" " tag="042">
      <subfield code="a">dc</subfield>
   </datafield>
   <datafield ind2=" " ind1=" " tag="720">
      <subfield code="a">Sala, Maria (Sala i Sanjaume)</subfield>
      <subfield code="e">author</subfield>
   </datafield>
   <datafield ind2=" " ind1=" " tag="260">
      <subfield code="c">2012-11-14T12:01:12Z</subfield>
   </datafield>
   <datafield ind2=" " ind1=" " tag="260">
      <subfield code="c">2012-11-14T12:01:12Z</subfield>
   </datafield>
   <datafield ind2=" " ind1=" " tag="260">
      <subfield code="c">1979</subfield>
   </datafield>
   <datafield ind2=" " ind1=" " tag="260">
      <subfield code="c">2012-11-14T12:01:13Z</subfield>
   </datafield>
   <datafield ind2=" " ind1=" " tag="520">
      <subfield code="a">El propósito del presente trabajo es el de estudiar los&#xd;
depósitos aluviales de la cuenca alta del río Tordera desde un&#xd;
punto de vista histórico, es decir de la sucesión en el tiempo de&#xd;
unos procesos fluviales con fases de depositación y fases de&#xd;
incisión, y desde un punto de vista dinámico, es decir de las&#xd;
caracteristicas de cada una de estas fases. Para ello partimos&#xd;
de la base de que en la evolución del modelado fluvial&#xd;
cuaternario -como en todo modelado terrestre- hay unos&#xd;
factores que permanecen prácticamente constantes, como la&#xd;
estructura tectónica y lítica y la topografia, y unos factores&#xd;
sujetos a cambio en relación a variaciones condicionadas&#xd;
fundamentalmente por el clima y que inciden sobre los&#xd;
primeros, como la vegetación, el régimen fluvial y la escorrentia,&#xd;
los cuales en último término son más propiamente&#xd;
factores hidrológicos.</subfield>
   </datafield>
   <datafield tag="653" ind2=" " ind1=" ">
      <subfield code="a">Geomorfologia fluvial</subfield>
   </datafield>
   <datafield tag="653" ind2=" " ind1=" ">
      <subfield code="a">Tordera (Catalunya : Curs d'aigua)</subfield>
   </datafield>
   <datafield tag="653" ind2=" " ind1=" ">
      <subfield code="a">Fluvial geomorphology</subfield>
   </datafield>
   <datafield tag="653" ind2=" " ind1=" ">
      <subfield code="a">Tordera River (Catalonia)</subfield>
   </datafield>
   <datafield ind2="0" ind1="0" tag="245">
      <subfield code="a">Geomorfologia de la cuenca alta del rio Tordera</subfield>
   </datafield>
</record></metadata></record></GetRecord></OAI-PMH>